Music Quiz

Random Music or Album Quiz

Imagine Dragons Discography Quiz Stats

 Plays Quiz not verified by Sporcle

Score 0/89 Timer 12:00
0 Plays Today
Album Song % Correct
OriginsZero
100%
OriginsBad Liar
91.3%
OriginsBullet in a Gun
91.3%
Night VisionsIt's Time
88.6%
Night VisionsRadioactive
87.6%
OriginsCool Out
87%
OriginsMachine
87%
OriginsLove
87%
Origins (Deluxe/Bonus)Birds
87%
Night VisionsDemons
84.3%
OriginsNatural
82.8%
OriginsWest Coast
82.6%
OriginsBoomerang
82.6%
OriginsOnly
82.6%
OriginsDigital
82.6%
EvolveBeliever
80%
OriginsStuck
78.3%
Origins (Deluxe/Bonus)Real Life
78.3%
Night VisionsAmsterdam
77.8%
Night VisionsOn Top of the World
76.8%
EvolveWhatever It Takes
76.2%
EvolveThunder
76.2%
Night VisionsNothing Left to Say/Rocks
74.1%
Night Visions (Deluxe/Bonus)Selene
74.1%
Night VisionsHear Me
73.5%
Smoke + MirrorsGold
73.5%
Smoke + MirrorsShots
72.4%
Smoke + MirrorsSmoke and Mirrors
72.4%
Smoke + MirrorsThe Fall
72.4%
Smoke + Mirrors (Deluxe/Bonus)Warriors
72.4%
Album Song % Correct
Night Visions (Deluxe/Bonus)America
71.9%
Night VisionsTiptoe
70.8%
EvolveWalking the Wire
70.3%
Smoke + MirrorsI Bet My Life
69.7%
EvolveDancing in the Dark
69.7%
Origins (Deluxe/Bonus)Burn Out
69.6%
Night VisionsBleeding Out
69.2%
Night VisionsUnderdog
68.6%
Night Visions (Deluxe/Bonus)The River
68.1%
Smoke + Mirrors (Deluxe/Bonus)Battle Cry
68.1%
Smoke + MirrorsPolaroid
67.6%
EvolveI Don't Know Why
67.6%
EvolveYesterday
67.6%
Evolve (Deluxe/Bonus)Levitate
67.6%
Evolve (Deluxe/Bonus)Not Today
67.6%
Night Visions (Deluxe/Bonus)Round and Round
67%
EvolveRise Up
67%
Smoke + MirrorsFriction
66.5%
Smoke + MirrorsDream
66.5%
Smoke + MirrorsHopeless Opus
66.5%
Smoke + MirrorsI'm So Sorry
65.9%
Night VisionsEvery Night
65.4%
EvolveMouth of the River
65.4%
Night Visions (Deluxe/Bonus)Cha-Ching (Till We Grow Older)
64.9%
Night Visions (Deluxe/Bonus)Working Man
64.3%
Smoke + Mirrors (Deluxe/Bonus)Monster
64.3%
EvolveStart Over
64.3%
Smoke + Mirrors (Deluxe/Bonus)Who We Are
63.8%
Ready Aim Fire
63.8%
Sucker for Pain
62.7%
Album Song % Correct
Smoke + MirrorsSummer
62.2%
EvolveI'll Make It Up to You
61.1%
Night Visions (Deluxe/Bonus)Tokyo
59.5%
Smoke + MirrorsTrouble
59.5%
Night Visions (Deluxe/Bonus)Cover Up
58.9%
Smoke + MirrorsIt Comes Back to You
58.9%
Origins (Deluxe/Bonus)Born to Be Yours (with Kygo)
58.6%
Night Visions (Deluxe/Bonus)My Fault
58.4%
Evolve (Re-release)Next to Me
57.7%
Smoke + Mirrors (Deluxe/Bonus)Thief
57.3%
Smoke + Mirrors (Deluxe/Bonus)The Unknown
56.2%
Evolve (Deluxe/Bonus)Roots
55.1%
Night Visions (Deluxe/Bonus)Fallen
54.6%
Night Visions (Deluxe/Bonus)I Don't Mind
54.6%
Emma
54.1%
Smoke + Mirrors (Deluxe/Bonus)Second Chances
53%
Smoke + Mirrors (Deluxe/Bonus)Release
51.9%
Curse
48.6%
Drive
43.8%
I Was Me
41.1%
All Eyes
40.5%
I Need a Minute
37.8%
Lost Cause
37.8%
Uptight
36.2%
30 Lives
34.1%
Look How Far We've Come
32.4%
Pantomine
29.7%
Leave Me
27.6%
All for You
27.6%

You're not logged in!

Compare scores with friends on all Sporcle quizzes.
OR
Log In

Sporcle TV

Today on Sporcle TV


Watch our educational content, quiz creation guides, and fun videos on Sporcle TV.

Show Comments

Extras

Top Quizzes Today


Score Distribution

Your Account Isn't Verified!

In order to create a playlist on Sporcle, you need to verify the email address you used during registration. Go to your Sporcle Settings to finish the process.

Report this User

Report this user for behavior that violates our Community Guidelines.

Details: